000 01735cam a22001934a 4500
005 20250605164151.0
008 250528s ||||||||||||||||||||||||d
035 _a19370
020 _a960820223
040 _aGR-AtMCL
_bgre
_dGR-AtMCL
_eAACR2
245 1 _aΟι Κυνηγοί του Χρημάτος / Πώς Κερδίζουν και γιατί Χάνουν στο Χρηματιστήριο της Αθήνας
260 _bΠερίπλους,
_c2001
300 _a280
520 _aΣυναρπαστικό βιβλίο για το χρηματιστήριο, που διδάσκει με απλό και κατανοητό ύφος κερδισμένους και χαμένους. Γιατί Έπρεπε να Ειπωθούν Όλα Αυτά, Αυτοί που Έφτασαν στο Όνειρο, Η Μοναδική Σταθερά: Εξέλιξη, Αλχημιστής: Ο Άνθρωπος που Επιδίωκε το Αδύνατο, Μαχητής: Η Καλύτερη Άμυνα είναι η Επίθεση, Πρίγκηπας: Έζησε Δύο Ζωές, Μια Παλιά αλλά Σύγχρονη Ιστορία, Τα Απομνημονεύματα μιας Μετοχής, Το Χρηματιστήριο είναι Πόλεμος, Γιατρός: Ο Άνθρωπος που Ξέρει τη Σωστή Συνταγή, Οι Θεατές Καλούνται να Συμμετέχουν στο Παιχνίδι, Ταξιδιώτης: Πάντα Έτοιμος για την Επόμενη Απογείωση, Αρμονία Κυνηγών και Θηραμάτων, Βιβλιογραφία.
700 1 _aΚωνσταντινίδης Σεραφείμ
_95617
942 _cBK
999 _c4626
_d4626